<?xml version="1.0" encoding="UTF-8"?>
<record
    xmlns:xsi="http://www.w3.org/2001/XMLSchema-instance"
    xsi:schemaLocation="http://www.loc.gov/MARC21/slim http://www.loc.gov/standards/marcxml/schema/MARC21slim.xsd"
    xmlns="http://www.loc.gov/MARC21/slim">

  <leader>00360    a2200133   4500</leader>
  <controlfield tag="005">20250626095728.0</controlfield>
  <datafield tag="020" ind1=" " ind2=" ">
    <subfield code="a">9780821359846</subfield>
  </datafield>
  <datafield tag="082" ind1=" " ind2=" ">
    <subfield code="a">332.042 WOR</subfield>
  </datafield>
  <datafield tag="111" ind1=" " ind2=" ">
    <subfield code="a">WORLD BANK</subfield>
  </datafield>
  <datafield tag="245" ind1=" " ind2=" ">
    <subfield code="a">Global Development Finance: Mobilizing Finance and Managing Vulnerability</subfield>
  </datafield>
  <datafield tag="260" ind1=" " ind2=" ">
    <subfield code="a">Appendix</subfield>
    <subfield code="b">THE WORLD BANK</subfield>
    <subfield code="c">2005</subfield>
  </datafield>
  <datafield tag="300" ind1=" " ind2=" ">
    <subfield code="a">Xiii,171</subfield>
    <subfield code="c">25cm</subfield>
  </datafield>
  <datafield tag="942" ind1=" " ind2=" ">
    <subfield code="2">ddc</subfield>
    <subfield code="c">BKS</subfield>
  </datafield>
  <datafield tag="999" ind1=" " ind2=" ">
    <subfield code="c">5276</subfield>
    <subfield code="d">5276</subfield>
  </datafield>
  <datafield tag="952" ind1=" " ind2=" ">
    <subfield code="r">2025-06-26 10:00:07</subfield>
    <subfield code="l">0</subfield>
    <subfield code="o">332.042</subfield>
    <subfield code="p">DOM000685</subfield>
    <subfield code="v">150000.00</subfield>
    <subfield code="w">2025-06-26</subfield>
    <subfield code="y">BKS</subfield>
    <subfield code="1">0</subfield>
    <subfield code="2">ddc</subfield>
    <subfield code="4">0</subfield>
    <subfield code="7">0</subfield>
    <subfield code="0">0</subfield>
    <subfield code="a">004</subfield>
    <subfield code="b">004</subfield>
    <subfield code="c">GEN</subfield>
    <subfield code="d">2025-06-26</subfield>
    <subfield code="e">Library budget</subfield>
    <subfield code="g">655000.00</subfield>
  </datafield>
  <datafield tag="952" ind1=" " ind2=" ">
    <subfield code="r">2025-06-26 10:00:07</subfield>
    <subfield code="l">0</subfield>
    <subfield code="o">332.042 WOR</subfield>
    <subfield code="p">DOM000687</subfield>
    <subfield code="v">150000.00</subfield>
    <subfield code="w">2025-06-26</subfield>
    <subfield code="y">BKS</subfield>
    <subfield code="1">0</subfield>
    <subfield code="2">ddc</subfield>
    <subfield code="4">0</subfield>
    <subfield code="7">0</subfield>
    <subfield code="0">0</subfield>
    <subfield code="a">004</subfield>
    <subfield code="b">004</subfield>
    <subfield code="c">GEN</subfield>
    <subfield code="d">2025-06-26</subfield>
    <subfield code="e">Library budget</subfield>
    <subfield code="g">655000.00</subfield>
  </datafield>
  <datafield tag="952" ind1=" " ind2=" ">
    <subfield code="r">2025-06-27 06:57:03</subfield>
    <subfield code="l">0</subfield>
    <subfield code="o">332.042 WOR</subfield>
    <subfield code="p">DOM000714</subfield>
    <subfield code="v">150000.00</subfield>
    <subfield code="w">2025-06-27</subfield>
    <subfield code="y">BKS</subfield>
    <subfield code="1">0</subfield>
    <subfield code="2">ddc</subfield>
    <subfield code="4">0</subfield>
    <subfield code="7">0</subfield>
    <subfield code="0">0</subfield>
    <subfield code="a">004</subfield>
    <subfield code="b">004</subfield>
    <subfield code="c">GEN</subfield>
    <subfield code="d">2025-06-27</subfield>
    <subfield code="e">Library budget</subfield>
    <subfield code="g">655000.00</subfield>
  </datafield>
  <datafield tag="952" ind1=" " ind2=" ">
    <subfield code="r">2025-06-27 06:57:03</subfield>
    <subfield code="l">0</subfield>
    <subfield code="o">332.042 WOR</subfield>
    <subfield code="p">DOM000731</subfield>
    <subfield code="v">150000.00</subfield>
    <subfield code="w">2025-06-27</subfield>
    <subfield code="y">BKS</subfield>
    <subfield code="1">0</subfield>
    <subfield code="2">ddc</subfield>
    <subfield code="4">0</subfield>
    <subfield code="7">0</subfield>
    <subfield code="0">0</subfield>
    <subfield code="a">004</subfield>
    <subfield code="b">004</subfield>
    <subfield code="c">GEN</subfield>
    <subfield code="d">2025-06-27</subfield>
    <subfield code="e">Library budget</subfield>
    <subfield code="g">655000.00</subfield>
  </datafield>
</record>
